00294nam a2200121Ia 4500008004100000041000800041082001600049100001700065245003200082260002200114300001900136999001700155241028s9999 xx 000 0 und d aeng a658.401 KHA aTarun Khanna aWinning In Emerging Markets bHbraBostonc2010 a247;. P, 21 cm c42907d42907